000 00300nam a2200133Ia 4500
100 _aBittel/Lester R
942 _cBK
654 _aSupervisor
245 _aWhat Every Supervisor Should Know
260 _bTata Mc Graw hill
_aNewDelhi
_c1974
082 _a658.3
300 _a722
546 _aENGLISH
999 _c29394
_d29394